Medagliere Beach Volley ai Giochi Olimpici - Statistics

Statistiche generali
  • Questo quiz è stato fatto 32 volte
  • Il punteggio medio è 10 su 14
Statistiche sulle risposte
Medaglie complessive Medaglie d'Oro Medaglie d'Argento Medaglie di Bronzo Rappresentativa olimpica % Corretto
13 3 7 3 Brasile
100%
1 0 1 0 Italia
100%
11 7 2 2 Stati Uniti
93%
1 0 1 0 Comitato Olimpico Russo
89%
3 2 0 1 Germania
89%
2 0 1 1 Cina
86%
1 0 1 0 Spagna
86%
1 0 0 1 Canada
82%
1 0 0 1 Paesi Bassi
75%
1 1 0 0 Norvegia
68%
3 1 1 1 Australia
61%
2 0 0 2 Svizzera
43%
1 0 0 1 Qatar
32%
1 0 0 1 Lettonia
25%
Nessun quiz corrispondente trovato
Distribuzione punteggi
Percentuale di utenti per punteggio
Percentile per numero di risposta
I tuoi punteggi nel tempo
Non hai fatto questo quiz